| 000 | 00379nam a2200097Ia 4500 | ||
|---|---|---|---|
| 082 | _a338.76178149 SCHW | ||
| 245 | 0 | _aStart & run your own record label : winning marketing strategies for today's music industry | |
| 100 |
_a SCHWARTZ, Daylle Deanna New York, 2009 3rd ed., Fully updated and expanded ed _973900 |
||
| 942 | _cBK | ||
| 008 | 210817s9999 xx 000 0 und d | ||
| 999 |
_c242843 _d242842 |
||